[Event "USA-ch"]
[Site "Seattle"]
[Date "2002.01.08"]
[Round "4"]
[White "Kaidanov, Gregory S"]
[Black "Mulyar, Michael A"]
[Result "1-0"]
[WhiteElo "2596"]
[BlackElo "2427"]
[Annotator "Lutz,C"]
[PlyCount "165"]
[EventDate "2002.01.05"]
[EventType "swiss"]
[EventRounds "9"]
[EventCountry "USA"]
[SourceTitle "CBM 087"]
[Source "ChessBase"]
[SourceDate "2002.03.21"]
[SourceVersion "1"]
[SourceVersionDate "2002.03.21"]
[SourceQuality "1"]

1. d4 d5 2. c4 c6 3. Nf3 Nf6 4. Nc3 e6 5. e3 Nbd7 6. Qc2 Bd6 7. Bd3 dxc4 8.
Bxc4 O-O 9. O-O a6 10. Rd1 Qc7 $5 ({Zu} 10... b5 {siehe Ftacnik,L-Ribli,Z/
Solin/Split 2001/CBM 87/[Lutz] (53)}) 11. Be2 (11. Ne4 $5 {ist vielleicht
besser:} Nxe4 12. Qxe4 c5 (12... Nf6 13. Qh4 e5 14. Bd3 Bg4 15. dxe5 Bxe5 16.
Bxh7+ Nxh7 17. Qxg4 Rad8 18. Rf1 $16 {1-0 Horvath,J-Lukacs,P/Budapest 1992/EXT
97 (51)}) 13. Bd3 g6 14. Qh4 c4 15. Ng5 Nf6 16. Be2 h5 17. e4 e5 18. dxe5 Bxe5
19. Nf3 $40 {1-0 Timoscenko,G-Skembris,S/Padova 2000/CBM 79 ext (48)}) 11... c5
12. dxc5 Nxc5 13. Bd2 b6 14. Rac1 Bb7 15. b4 Ncd7 16. Qb3 {Weiß ist besser
entwickelt und seine Türme stehen bereits auf den offenen Linien, aber der Bd2
steht im Weg.} Qd8 17. b5 {Weiß muss aktiv werden, solange er noch einen
Entwicklungsvorsprung hat. Mit dem Textzug kämpft Weiß um das Feld b5 für
seine Figuren, gibt allerdings das Feld c5 auf.} Nc5 $6 {Natürlich lockt das
Feld c5 für den Springer, aber wo soll nun der Bd6 hinziehen ?} (17... Qe7 $5 {
ist etwas solider.}) 18. Qb1 axb5 (18... Qe7 $5) 19. Nxb5 Bd5 $6 {Schwarz
sollte den Bd6 nicht einfach so abgeben.} (19... Bb8 $5) 20. Nxd6 Qxd6 21. Bb4
$14 Qb8 22. a3 Ng4 $6 {Schwarz hat wohl auf diesen Zug gehofft, aber nach ...}
23. h3 {... löst sich der schwarze Angriff in Luft auf.} Nf6 (23... Bxf3 $2 24.
Bxf3 Qh2+ 25. Kf1 Nf6 26. Bxc5 bxc5 27. Bxa8 Rxa8 28. Qb7 $18) 24. Qb2 {
Mit dem schwarzfeldrigen Läufer demonstriert Kaidanov hervorragend seine
Technik.} Rd8 25. Qe5 Qb7 26. Ne1 $1 {Ein typisches Vorgehen, um f2-f3 und
e3-e4 vorzubereiten.} Rac8 27. f3 Qa7 28. e4 Nfd7 29. Qf4 Bb3 30. Rd6 Qc7 31.
Bb5 Nf6 $6 (31... e5 32. Qd2 $36) 32. Rxd8+ Qxd8 33. Qe3 $16 Ba4 34. Bxc5 Bxb5
35. Be7 Qd7 36. Rxc8+ Qxc8 37. Bxf6 $2 (37. Qg5 $18 {gewinnt sofort.}) 37...
gxf6 38. Qxb6 Qc3 39. Qxb5 Qxe1+ 40. Kh2 $18 {Zur Verwertung des Bauern muss
Weiß nun noch etwas arbeiten.} e5 41. Qb4 Qe3 42. a4 h5 43. h4 Qf2 44. Kh3 Kg7
45. a5 Qf1 46. Qd2 Kg6 47. Kh2 Kg7 48. Qa2 Qa6 49. Qa1 Kg6 50. Kg1 Qa7+ 51. Kh2
Qa6 52. Kg1 Qa7+ 53. Kh1 Qa6 54. Kh2 Kg7 55. Kh3 Kg6 56. Kg3 Kg7 57. Qe1 Kg6
58. Kh3 Kg7 59. Kh2 Kh7 60. Qb4 Qe2 61. Qb6 Kg7 62. a6 Qe1 63. Kh3 Qh1+ 64. Kg3
Qe1+ 65. Kh3 Qh1+ 66. Kg3 Qe1+ 67. Qf2 Qa1 68. a7 Kg6 69. Kh2 Kg7 70. Qe3 Qa5
71. g4 hxg4 72. fxg4 Kh7 73. Kg3 Qa1 74. Qf2 Kg8 75. h5 Qa3+ 76. Kh2 Qa6 77. h6
Kh7 78. a8=Q Qxa8 79. Qxf6 Qg8 80. g5 Qg6 81. Qxe5 Kg8 82. Kg3 Kf8 83. Qf6 1-0

[Event "New York op"]
[Site "New York"]
[Date "1998.03.18"]
[Round "5"]
[White "Georgiev, Kiril"]
[Black "Stripunsky, Alexander"]
[Result "1-0"]
[WhiteElo "2675"]
[BlackElo "2475"]
[Annotator "Lutz,C"]
[PlyCount "95"]
[EventDate "1998.03.16"]
[EventType "swiss"]
[EventRounds "9"]
[EventCountry "USA"]
[SourceTitle "CBM 064"]
[Source "ChessBase"]
[SourceDate "1998.06.02"]
[SourceVersion "1"]
[SourceVersionDate "1998.06.02"]
[SourceQuality "1"]

1. d4 d5 2. c4 c6 3. Nf3 Nf6 4. Nc3 e6 5. e3 Nbd7 6. Qc2 Bd6 7. Bd3 O-O 8. O-O
dxc4 9. Bxc4 b5 10. Be2 Bb7 11. Rd1 Qc7 12. e4 $5 {Ein eher seltener Zug.} (12.
b3 {wurde zuletzt einige Male von V.Zvjaginsev probiert.}) 12... e5 13. dxe5
Nxe5 14. Nd4 Ng6 (14... b4 $6 15. Nf5 Bc5 16. Na4 Bxf2+ 17. Kxf2 Neg4+ 18. Bxg4
Nxg4+ {Georgiev,K-Dreev,A/Manila izt 1990/CBM 19/[Ftacnik] (46)} 19. Ke1 $1
Qxh2 20. Qe2 $16 {Ftacnik}) 15. g3 Rfe8 16. Bg5 Be5 17. Nf5 Re6 (17... b4 $2
18. Bxf6 gxf6 (18... Bxf6 19. Nd5) 19. Na4 Rad8 20. Bc4 Kh8 21. Nh6 Bd4 22.
Nxf7+ Kg7 23. Qc1 Qxf7 24. Bxf7 Kxf7 25. Qc4+ Kg7 26. Rxd4 Ne5 27. Rxd8 {
1-0 Barbero,G-Joksic,S/Forli op 1990/EXT 90op2}) 18. f3 Ne7 $2 {Schwarz sollte
nicht den Abtausch des Be5 zulassen, da er nun auf den schwarzen Feldern
schwach ist.} (18... a6 $5 $132 {/\ ...c5}) 19. Nd4 $1 Bxd4+ 20. Rxd4 $16 Qb6
21. Rad1 c5 22. R4d2 c4+ 23. Kg2 Re8 {[%csl Re4,Rg2][%cal Yb7g2,Yb5b4,Yf6e4]
Das einzige schwarze Gegenspiel basiert auf Drohungen entlang der Diagonalen
a8-h1. Weiß muß die Idee ...b5-b4 nebst Einschlag auf e4 berücksichtigen.} 24.
a4 $5 {Provoziert die folgenden Komplikationen.} b4 (24... a6 25. axb5 axb5 26.
b3 $16) 25. Bxf6 Rxf6 26. Nb5 Ng6 27. Rd6 $1 (27. Nd6 $2 {Sieht verlockend aus,
aber ...} Nh4+ $1 28. gxh4 Rg6+ 29. Kh1 Qf2 $19) 27... Bxe4 $5 28. Qxc4 $1 {
Lehnt das schwarze Opfer dankend ab.} (28. fxe4 $2 Rf2+ 29. Kh1 (29. Kh3 Nf4+
$19) 29... Qe3 30. Rd8 (30. R6d2 Qh6 31. h4 Nxh4 $40) 30... Rxe2 31. Rxe8+ Nf8
$19) 28... Bc6 29. Rxf6 gxf6 30. Nd6 Ne5 31. Qf4 Ng6 32. Qd2 Rd8 33. b3 Qc5 34.
Qd4 Qe5 35. Kf2 Qxd4+ 36. Rxd4 {[%csl Rb4,Rf6,Rf7] Weiß hat das schwarze
Gegenspiel abgewehrt und steht aufgrund der schwarzen Bauernschwächen klar
vorteilhaft.} Kf8 37. f4 Ne7 38. Bc4 Nc8 39. Nf5 Rxd4 40. Nxd4 Bd7 41. a5 Nd6
42. Bd5 Ke7 43. Nc2 Nf5 44. Nxb4 Kd6 45. Bxf7 Kc5 46. Nd5 Be8 47. b4+ Kd6 48.
Bg8 1-0

[Event "FIDE-Wch k.o."]
[Site "New Delhi/Teheran"]
[Date "2000.12.03"]
[Round "3.1"]
[White "Van Wely, Loek"]
[Black "Dreev, Alexey"]
[Result "0-1"]
[WhiteElo "2643"]
[BlackElo "2676"]
[Annotator "Lutz,C"]
[PlyCount "116"]
[EventDate "2000.11.27"]
[EventType "k.o."]
[EventRounds "7"]
[EventCountry "IND"]
[SourceTitle "CBM 081"]
[Source "ChessBase"]
[SourceDate "2001.03.20"]
[SourceVersion "1"]
[SourceVersionDate "2001.03.20"]
[SourceQuality "1"]

1. d4 d5 2. c4 c6 3. Nc3 Nf6 4. e3 e6 5. Nf3 Nbd7 6. Qc2 Bd6 7. Bd3 O-O 8. O-O
dxc4 9. Bxc4 a6 10. a4 c5 11. Rd1 cxd4 $1 {Zwar ist dieser Zug streng genommen
keine Neuerung (er wurde bereits in einer Partie Avrukh-Van der Wiel gespielt,
die jedoch sofort Remis gegeben wurde, s.u.), aber dennoch ist das Konzept
beachtenswert. Schwarz leitet in eine Isolanistellung über, in der er
scheinbar mühelos die weiße Initiative neutralisiert. Bislang wurde häufiger
11 ...Qc7 gespielt, wonach Weiß Eröffnungsvorteil zu haben scheint.} (11... Qc7
12. Ne4 $1 Nxe4 13. Qxe4 Nf6 14. Qh4 cxd4 15. Bd3 Qa5 $5 (15... h6 16. e4 (16.
exd4 $6 Nd5 17. Bd2 Qe7 18. Bg5 f6 19. Qe4 fxg5 20. Qh7+ Kf7 21. Qg6+ {1/2-1/2
Zvjaginsev,V-Anand,V/Tilburg 1998/EXT 99/[Lutz] (21)}) 16... Nd7 17. Bxh6 gxh6
18. Rac1 Qd8 19. Qxh6 Qf6 20. Qxf6 Nxf6 21. e5 Be7 22. exf6 Bxf6 23. Be4 $14 {
0-1 Van Wely,L-Kasparov,G/Internet 2000/CBM 76/[Lutz] (56)}) 16. Nxd4 Bd7 17.
Bd2 Qh5 18. Qxh5 Nxh5 19. Be4 Rab8 20. Bc3 Nf6 21. Bf3 Rfd8 22. Nb3 Bc7 23. Nc5
Nd5 24. Bxd5 exd5 25. Nxd7 Rxd7 $14 {1/2-1/2 Van Wely,L-Van der Wiel,J/
Rotterdam 1999/CBM 72/[Lutz] (64)}) 12. exd4 Qc7 13. Bd3 (13. Qe2 {1/2-1/2
Avrukh,B-Van der Wiel,J/Wijk aan Zee 2000/CBM 75 (13)}) 13... b6 14. Be3 ({
Dreev hatte diese Stellung schon einmal selbst als Weißer gespielt (über die
Zugfolge 11...Qc7 12.Bd3 cxd4 13.exd4). Wahrscheinlich war er so von der
schwarzen Stellung überzeugt, dass er es nun auch mit Schwarz anwendet.} 14. h3
Bb7 15. Ng5 h6 16. Nge4 {1/2-1/2 Dreev,A-Vyzmanavin,A/Podolsk 1992/CBM 33 (16)}
) 14... Bb7 15. Qe2 Nd5 16. Ne4 Nf4 17. Bxf4 Bxf4 $15 {Schwarz steht bereits
besser, da Weiß nicht die in Isolani-Stellungen üblichen Angriffsformationen
erreicht.} 18. g3 Bh6 19. h4 Qc6 $1 {[%csl Rc1,Rg2][%cal Yb7g2,Yh6c1] Sehr
stark gespielt. Der Bh6 kontrolliert das Feld c1, während die Batterie Qc6-Bb7
die Springer e4 und f3 indirekt fesselt.} 20. Ra3 (20. Neg5 $2 Bxg5 21. Nxg5 $4
Qh1#) 20... Qd5 21. Bb1 Rac8 22. Re1 Rfd8 23. Neg5 Bxg5 24. hxg5 Nf8 $17 25.
Re3 Qc4 26. Qxc4 Rxc4 27. b3 Rb4 28. Bd3 a5 29. Bc4 Bxf3 30. Rxf3 Rxd4 31. Rf4
Rd6 32. Ree4 Rd1+ 33. Kh2 Ng6 34. Rd4 Rxd4 35. Rxd4 Kf8 36. Rd8+ Ke7 37. Rb8
Ne5 38. Rb7+ Kd6 39. Bb5 Rxb3 40. f4 Nf3+ 41. Kg2 Nd4 42. Rd7+ Kc5 43. Rc7+ Kd5
44. Bc4+ Kd6 45. Rxf7 Rc3 46. Ba6 Nf5 47. Kf2 Rc7 48. Rxc7 Kxc7 49. Bd3 g6 50.
g4 Nd6 51. Ke3 b5 52. axb5 a4 53. Kd2 Kb6 54. Kc1 Kc5 55. Kb2 e5 56. Ka3 e4 57.
Bf1 Nxb5+ 58. Kxa4 Nd4 0-1

[Event "EU-chT (Men) 11th"]
[Site "Pula"]
[Date "1997.05.??"]
[Round "7.3"]
[White "Arlandi, Ennio"]
[Black "Pcola, Pavol"]
[Result "1-0"]
[WhiteElo "2470"]
[BlackElo "2470"]
[Annotator "Lutz,C"]
[PlyCount "47"]
[EventDate "1997.05.05"]
[EventType "team-swiss"]
[EventRounds "9"]
[EventCountry "CRO"]
[SourceTitle "CBM 057 Extra"]
[Source "ChessBase"]
[SourceDate "1997.05.01"]
[SourceVersion "1"]
[SourceVersionDate "1997.05.01"]
[SourceQuality "1"]
[WhiteTeam "Italy"]
[BlackTeam "Slovakia"]
[WhiteTeamCountry "ITA"]
[BlackTeamCountry "SVK"]

1. d4 d5 2. c4 c6 3. Nc3 Nf6 4. e3 e6 5. Nf3 Nbd7 6. Qc2 Bd6 7. Bd3 O-O 8. O-O
dxc4 9. Bxc4 Qe7 10. h3 e5 11. a3 Bb8 12. Ba2 exd4 $2 {Diese vorzeitige
Öffnung der Stellung widerspricht dem Geist des Chernin-Systems 11...Bb8.} (
12... h6 $142) 13. exd4 Nb6 14. Bg5 Qd6 15. Rae1 Nbd5 16. Re5 Nxc3 (16... Be6
17. Bxf6 Nxf6 18. Bxe6 fxe6 19. Qb3 $18) (16... Bc7 17. Nxd5 Nxd5 18. Bxd5 cxd5
19. Be7 $18) 17. bxc3 Bc7 18. Rfe1 $16 Bd7 19. Bxf6 Qxf6 20. Ng5 Qg6 (20... g6
21. Re7 Bf5 (21... Qxg5 22. Rxd7 $16) 22. Nxf7 {(Fritz)} Bxc2 23. Ng5+ Rf7 24.
Rxf7 Qxf7 25. Nxf7 $16) 21. Qxg6 hxg6 22. Nxf7 $18 Kh7 23. Re7 Rae8 24. R1e4
1-0

[Event "Chebanenco Memorial 1st"]
[Site "Kishinev"]
[Date "1998.02.10"]
[Round "2"]
[White "Sakaev, Konstantin"]
[Black "Rogozenco, Dorian"]
[Result "1-0"]
[WhiteElo "2620"]
[BlackElo "2495"]
[Annotator "Lutz,C"]
[PlyCount "123"]
[EventDate "1998.02.09"]
[EventType "tourn"]
[EventRounds "9"]
[EventCountry "MDA"]
[EventCategory "12"]
[SourceTitle "CBM 064"]
[Source "ChessBase"]
[SourceDate "1998.06.02"]
[SourceVersion "1"]
[SourceVersionDate "1998.06.02"]
[SourceQuality "1"]

1. d4 {Epishin} d5 2. c4 c6 3. Nf3 Nf6 4. Nc3 e6 5. e3 Nbd7 6. Qc2 Bd6 7. Bd3
O-O 8. O-O dxc4 9. Bxc4 a6 10. Rd1 b5 11. Be2 c5 $6 {Mir gefällt diese Öffnung
der Stellung nicht, da Weiß mit einem kleinen Vorteil verbleibt. Besser
erscheint mir 11...Qc7.} (11... Qc7 {1/2-1/2 Karpov,A-Anand,V/FIDE-Wch k.o. f
1998/CBM 63/[Ftacnik] (55)}) 12. dxc5 Bxc5 13. Ne4 Qb6 (13... Be7 $5 14. Ne5
Nd5 15. Nc6 Qe8 16. Nc3 Nxc3 17. Nxe7+ Qxe7 18. Qxc3 Bb7 19. Bd2 Rfc8 20. Qd4
e5 21. Bb4 {1/2-1/2 Khalifman,A-Anand,V/FIDE-Wch k.o. 1997/CBM 63}) (13... Nxe4
14. Qxe4 Ra7 15. b4 $14 {1/2-1/2 Dautov,R-Luther,T/Bad Zwesten op 1997/CBM 57/
[Dautov] (38)}) (13... Qe7 $142 {Epishin}) 14. Nxc5 Nxc5 15. b3 $14 Bb7 16. Bb2
Be4 17. Qc3 (17. Qc1 $6 Ncd7 18. Bd4 Qb7 19. Qb2 Rfc8 20. Rac1 Ne8 21. Rxc8
Rxc8 22. Rc1 Rxc1+ 23. Qxc1 f6 24. Ne1 e5 25. Bb2 Qc7 26. Qxc7 Nxc7 {0-1 Bukic,
E-Atalik,S/Ljubljana 1997/EXP 58 (57)}) 17... Rfd8 $6 (17... Rfc8 18. Qe5 Qb7
19. Rac1 Ncd7 20. Qd6 Rxc1 21. Rxc1 Rc8 22. Rxc8+ Qxc8 {Diese Stellung wird
von S.Atalik im Informator 71/464 als ausgeglichen eingeschätzt.} 23. Qd2 $5
$14 {M.E. hat Weiß aufgrund seines Läuferpaares einen kleinen aber soliden
Vorteil.}) 18. Rac1 Ncd7 (18... Rxd1+ {Epishin} 19. Rxd1 Bd5 $14) 19. Nd4 $1 {
[%csl Rc6][%cal Yd4c6]} e5 (19... Nd5 {Epishin} 20. Qc6 Qa7 21. Nxe6 $1 N5f6
22. Nxd8 Bxc6 23. Nxc6 Qb7 24. Bf3 $18) 20. Nc6 Re8 21. Rd6 Qb7 22. Na5 Qa7 23.
Nc6 Qb7 24. Na5 Qa7 25. Qc7 Qxc7 26. Rxc7 $16 Rac8 27. Rxc8 (27. Rdxd7 $2 Nxd7
28. Rxd7 Rc2) 27... Rxc8 28. Bd1 Nc5 (28... Bc2 {Epishin} 29. Nc6 Rxc6 30. Rxc6
Bxd1 31. Bxe5 $18) 29. f3 Nd3 30. Ba3 Bd5 31. Bc2 e4 32. fxe4 Ne1 33. exd5 Nxc2
34. Rc6 Rxc6 35. dxc6 Nd5 36. Bc5 f5 37. Kf2 Kf7 38. Ke2 Ke6 39. a3 b4 40. axb4
Ncxb4 41. Kd2 h5 42. h4 Na2 43. Kd3 f4 44. exf4 Nxf4+ 45. Kc4 Ng6 46. Bf2 Nc1
47. Bg3 Ne2 48. Bh2 Nxh4 49. Nb7 Nf5 50. Nc5+ Kf6 51. Nxa6 Ne7 52. Nb4 Ke6 53.
c7 Kd7 54. Nd3 g5 55. Nc5+ Kc8 56. Be5 Nc6 57. Bd6 Nf4 58. Na4 Na7 59. Nb6+ Kb7
60. Bxf4 Kxb6 61. Be3+ Kxc7 62. Bxa7 1-0

[Event "Corus"]
[Site "Wijk aan Zee"]
[Date "2002.01.19"]
[Round "6"]
[White "Gurevich, Mikhail"]
[Black "Gelfand, Boris"]
[Result "0-1"]
[WhiteElo "2641"]
[BlackElo "2703"]
[Annotator "Lutz,C"]
[PlyCount "60"]
[EventDate "2002.01.12"]
[EventType "tourn"]
[EventRounds "13"]
[EventCountry "NED"]
[EventCategory "18"]
[SourceTitle "CBM 087"]
[Source "ChessBase"]
[SourceDate "2002.03.21"]
[SourceVersion "1"]
[SourceVersionDate "2002.03.21"]
[SourceQuality "1"]

1. d4 {Gelfand} d5 2. c4 c6 3. Nc3 Nf6 4. e3 e6 5. Nf3 Nbd7 6. Qc2 Bd6 7. Bd3
O-O 8. O-O h6 $5 {Eine seltener Alternative zu den Hauptvarianten nach 8...
dxc4.} 9. Bd2 Re8 {Häufiger kombiniert Schwarz ...h7-h6 mit ...b7-b6. Der Plan,
...dxc4 und ...e6-e5 folgen zu lassen, erscheint mir riskant.} (9... e5 {
Gelfand} 10. cxd5 cxd5 11. Nb5 Bb8 12. dxe5 Nxe5 13. Nxe5 Bxe5 14. Bc3 $14) 10.
Rad1 dxc4 {'N!' Gelfand.} 11. Bxc4 e5 {'=' Gelfand.} 12. dxe5 (12. Bd3 $5 {
Gelfand}) 12... Nxe5 13. Nxe5 Bxe5 14. f4 {Der weiße Plan besteht einfach
darin, mit e3-e4-e5 den Schwarzen plattzuwalzen. Schwarz muss taktisches
Gegenspiel suchen, um diesen Plan zu durchkreuzen.} Bc7 15. Kh1 {Gelfand: '/
\e4'} (15. e4 $2 Qd4+) 15... Bg4 16. Rde1 b5 {'!?' Gelfand.} (16... Be6 {
Gelfand} 17. Bxe6 Rxe6 18. e4 Ng4 19. Bc1 $14) 17. Bb3 Qd7 {Mit der Idee ...
b5-b4, ...Bf5 und Blockade des e-Bauern.} (17... b4 {Gelfand} 18. Ne2 (18. Na4
{Gelfand} a5) 18... Qd6 19. Ng3 $14) (17... a5 {Gelfand} 18. a3) 18. e4 b4 $5 {
Gelfand muss bei diesem Zug die Folgen schon weit voraus berechnet haben.} (
18... c5 $5 {Gelfand} 19. e5 c4 20. exf6 Bf5 21. Qc1 cxb3 22. axb3 b4 $13) 19.
Na4 $6 {'?' Gelfand. Der natürliche Zug. Das Feld c5 lockt, aber ...} (19. Nb1
$1 $14 {sieht etwas passiv aus, ist aber möglicherweise besser als der Textzug.
Da der Bd2 gedeckt ist, verbietet sich ...Nxe4, die schwarzen Schwächen am
Damenflügel bleiben. Ich sehe nicht, was Schwarz den nächsten weißen Zügen Ba4,
Bc1, Nb1-c4 entgegensetzen kann. Weiß steht besser, z.B.} a5 20. Ba4 (20. a3 $5
$13 {Gelfand}) (20. Bc1 {Gelfand} Nxe4 21. Rxe4 Rxe4 22. Qxe4 Bf5) 20... Ra6
21. Bc1 Rd8 22. Nd2) 19... Rxe4 $1 {... ohne diesen Zug wäre 18...b4 natürlich
sinnlos gewesen.} 20. Rxe4 (20. Nc5 Rxe1 21. Rxe1 Qd6) 20... Nxe4 21. Qxe4 $2 {
Gurevich geht aufs Ganze.} (21. Bxb4 Re8 $13 {erscheint mir sinnvoller für
Weiß. Schwarz hat aktive Figuren und der vorgerückte f-Bauer stellt eine
Schwächung des weißen Lagers dar, aber andererseits ist auch der schwraze
Damenflügel geschwächt.}) 21... Qxd2 22. Qxc6 (22. Qe7 {Gelfand} Be2) 22... Rc8
$1 {'-/+' Gelfand. Gelfand: 'xNa4'} (22... Qd8 $2 23. Qg6) 23. Qg6 {Darauf hat
Gurevich seine Hoffnungen gesetzt, aber ...} (23. Qb7 {Gelfand} Qe2 24. Rg1 Qf2
$17) 23... Be2 {'!' Gelfand. ... und Schwarz kann die Schwäche der weißen
Grundreihe ausnutzen.} 24. Qxf7+ Kh8 25. Qf5 Bxf1 $1 (25... Rd8 26. Bc2 Bd3 27.
Bxd3 Qxd3 28. Qxd3 Rxd3 29. g3 $14 {, und Weiß hat erst einmal einen Bauern
mehr.}) 26. Qxc8+ Bd8 {Nun zeigt sich, dass Schwarz die Stellung genauer
eingeschätzt hat: Wegen der Mattdrohung auf g2 bekommt Schwarz den Bauern
zurück und anschließend beherrschen seine Läufer das Brett.} 27. Qa8 (27. Qb7
Bb5 $17) 27... Bb5 28. h3 (28. Qxa7 $5 Qxf4 (28... Bc6 {Gelfand} 29. Qg1 Bf6 (
29... Qxf4 {Gelfand} 30. Nc5 Bb6 31. Nd3) 30. Qf1 Bd4 31. h3 Qe3 32. Kh2 g5 $19
) 29. Qg1 Bf6 30. Nc5 (30. a3 $2 Bxa4 31. Bxa4 bxa3 $19) (30. Qe1 Be5 31. Qg1
Bf1 $1 {/\ ...Bd4}) 30... Bxb2 31. Ne6 $17 {erscheint sinnvoller, um
wenigstens ein Bauernpaar abzutauschen und den Springer wieder ins Spiel zu
bringen.}) 28... Qc1+ 29. Kh2 Qxf4+ 30. Kh1 $6 (30. g3 Qd6 $17) 30... Qc1+ (
30... Qc1+ 31. Kh2 Qc7+ 32. Kh1 Bc6 $19 {und Weiß verliert die Dame.}) 0-1

[Event "Skopje op 18th"]
[Site "Skopje"]
[Date "2002.01.15"]
[Round "1"]
[White "Georgiev, Kiril"]
[Black "Danchevski, Orce"]
[Result "1-0"]
[WhiteElo "2655"]
[BlackElo "2429"]
[Annotator "Lutz,C"]
[PlyCount "83"]
[EventDate "2002.01.15"]
[EventType "swiss"]
[EventRounds "9"]
[EventCountry "MKD"]
[SourceTitle "CBM 088"]
[Source "ChessBase"]
[SourceDate "2002.03.21"]
[SourceVersion "1"]
[SourceVersionDate "2002.03.21"]
[SourceQuality "1"]

1. d4 d5 2. c4 e6 3. Nc3 Nf6 4. Nf3 c6 5. e3 Nbd7 6. Bd3 Bd6 7. e4 dxe4 8. Nxe4
Nxe4 9. Bxe4 Nf6 $6 {Schwarz spielt konsequent auf Abtausch, aber so kann er
keinen Ausgleich erhalten.} (9... e5 $142) 10. Bc2 Bb4+ 11. Bd2 Qa5 12. a3
Bxd2+ 13. Qxd2 Qxd2+ 14. Kxd2 Ke7 15. Ne5 {Weiß hat den besseren Läufer,
Raumvorteil und sein König kann aktiv mitwirken. Georgiev setzt diese Vorteil
instruktiv in einen Punkt um..} Bd7 16. Rhe1 b6 17. f4 Rhd8 18. f5 $1 {Schafft
einen Angriffspunkt.} Be8 19. Kc3 c5 20. dxc5 Rac8 $6 (20... bxc5 $142) 21. b4
$1 bxc5 22. b5 Rd4 23. a4 Rc7 24. a5 $16 {Weiß marschiert in aller Ruhe auf
und Schwarz kann nicht unternehmen.} Rd6 25. g4 {... und nun am anderen Flügel.
} h6 26. h4 exf5 27. Bxf5 Kf8 28. g5 hxg5 29. hxg5 g6 30. Bxg6 fxg6 31. gxf6
Rxf6 32. Re3 {Die Pointe der weißen Abwicklung besteht darn, dass nun einfach
Nd3 mit Eroberung des Pc5 droht.} Bf7 33. Rae1 Rf4 34. Rf3 Rxf3+ 35. Nxf3 Kg7
36. Ng5 Bg8 37. Re5 $1 Kf6 38. Rxc5 Rxc5 39. Ne4+ Ke5 40. Nxc5 g5 41. b6 axb6
42. a6 {Ein glatter, lehrbuchmäßiger Sieg, der das passive Spiel des Schwarzen
klar bestraft.} 1-0

[Event "Presidents Cup 3.pl"]
[Site "Elista"]
[Date "1998.05.19"]
[Round "5.1"]
[White "Bareev, Evgeny"]
[Black "Dreev, Alexey"]
[Result "1/2-1/2"]
[WhiteElo "2675"]
[BlackElo "2630"]
[Annotator "Lutz,C"]
[PlyCount "49"]
[EventDate "1998.05.07"]
[EventType "k.o."]
[EventRounds "9"]
[EventCountry "RUS"]
[SourceTitle "CBM 065"]
[Source "ChessBase"]
[SourceDate "1998.08.06"]
[SourceVersion "1"]
[SourceVersionDate "1998.08.06"]
[SourceQuality "1"]

1. c4 c6 2. d4 d5 3. Nf3 Nf6 4. Nc3 e6 5. e3 Nbd7 6. Qc2 Bd6 7. Bd3 O-O 8. O-O
e5 $5 {Diese Variante genießt seit Karpov-Kramnik (Wien 1996) keinen guten Ruf,
aber Drejew hat eine neue Idee parat.} 9. cxd5 cxd5 10. e4 dxe4 (10... exd4)
11. Nxe4 Nxe4 12. Bxe4 h6 13. Be3 exd4 14. Bh7+ Kh8 15. Bxd4 Nf6 16. Bf5 Qa5 (
16... Bxf5 {führt zu einem schweren Endspiel.} 17. Qxf5 Qc8 18. Qb5 a6 19. Qb6
Qc7 20. Qxc7 Bxc7 21. Bxf6 gxf6 22. Rfe1 Rfe8 23. Rad1 Rxe1+ 24. Rxe1 Rd8 25.
g3 Rd7 26. Re2 Kg7 27. Nh4 Rd5 28. Re7 Rc5 29. Rd7 b5 30. b4 Rc2 31. Nf5+ {
Karpov,A-Kramnik,V/Vienna Millenium 1996/CBM 55/[Lutz]/1-0 (59)}) 17. Bxc8
Rfxc8 18. Qb3 Qd5 19. Bxf6 $146 (19. Rfd1 {ist nicht kritisch.} Qxb3 20. axb3
Ne4 21. Bxa7 Rc2 22. Ra4 Bc5 23. Bxc5 Rxa4 24. bxa4 Nxc5 25. h4 Nxa4 26. Rd7
Rxb2 27. Rxf7 Kg8 28. Rc7 b5 29. Nd4 {1/2-1/2 Tkachiev,V-Relange,E/Hastings
Premier 9798 1998/CBM 63/[Lutz]}) 19... Qxb3 20. Bxg7+ Kxg7 21. axb3 Be7 $1 {
[%csl Rb2,Rb3,Rd4,Re5,Rg5,Rh4][%cal Ye7f6,Yf6b2,Gf3d4,Gf3e5,Gf3g5,Gf3h4,Yf6h4,
Yc8c6,Yc6b6,Yb6b3] Das ist die Pointe. Schwarz überführt den Läufer nach f6,
von wo er den Pb2 angreift und den Nf3 dominiert. Außerdem kann der Pb3 von
einem Turm auf b6 angegriffen haben. Schwarz hat Kompensation für den Bauern.
Weitere Partien müssen zeigen, ob Weiß etwas greifbares hat.} (21... Rc2 $2 22.
Nd4 Rxb2 23. Nf5+ $18) 22. Rfe1 $6 (22. Rfd1 $5 {scheint mir kritischer.} Bf6
23. Rd2 Rc6 24. Re1 Rb6 25. Re3 Rd8 $5 (25... a5 26. g3 a4 27. bxa4 Rxb2 28.
Rxb2 Bxb2 29. Rb3 Bf6 30. Rxb7 Rxa4 $14) 26. Rxd8 Bxd8 27. g3 (27. Nd2 Rd6)
27... Bf6 28. Nd2 Rb4 (28... Bxb2 $2 29. Nc4) 29. Nc4 a6 $5 {Diese Stellung
verdient weitere Prüfung.} (29... b5 30. Na5 Bxb2 31. Nc6)) 22... Bf6 23. Re2
Rc6 $1 {Schwarz greift den Pb3 an.} 24. g3 (24. Rd1 Rb6 25. Rd3 Rd8 26. Rxd8
Bxd8 {Weiß hat ein Minustermpo gegenüber 22.Rfd1.}) 24... Rb6 25. Ra4 1/2-1/2